Plantations and outdoor museums in America's historic South / (Record no. 18805)

000 -LEADER
fixed length control field 00557cam a2200193 a 4500
020 ## - INTERNATIONAL STANDARD BOOK NUMBER
ISBN 1570030715
040 ## - CATALOGING SOURCE
Transcribing agency DLC
082 00 - DEWEY DECIMAL CLASSIFICATION NUMBER
Classification number 917 USC 1996 C152 Or.
100 1# - MAIN ENTRY--AUTHOR NAME
Personal name Gutek, Gerald Lee.
245 10 - TITLE STATEMENT
Title Plantations and outdoor museums in America's historic South /
260 ## - PUBLICATION, DISTRIBUTION, ETC. (IMPRINT)
Place of publication Columbia :
Name of publisher University of South Carolina Press,
Year of publication c1996.
300 ## - PHYSICAL DESCRIPTION
Number of Pages vii, 423 p. :
Other physical details ill., maps ;
Dimensions 23 cm.
500 ## - GENERAL NOTE
General note Includes index.
650 #0 - SUBJECT ADDED ENTRY--TOPICAL TERM
Topical Term Plantations
650 #0 - SUBJECT ADDED ENTRY--TOPICAL TERM
Topical Term Open-air museums
650 #0 - SUBJECT ADDED ENTRY--TOPICAL TERM
Topical Term Historic sites
700 1# - ADDED ENTRY--PERSONAL NAME
Personal name Gutek, Patricia,
942 ## - ADDED ENTRY ELEMENTS (KOHA)
Koha item type ADB
952 ## - LOCATION AND ITEM INFORMATION (KOHA)
Withdrawn status [LOCAL, KOHA] 0
Holdings
Koha item type Source of acquisition Lost status Permanent Location Current Location Date acquired Full call number
សៀវភៅភាសាអង់គ្លេសA36939 Library Block CLibrary Block C2020-01-27917 USC 1996 C152 Or.
មជ្ឈមណ្ឌលឯការនៃសាកលវិទ្យាល័យភូមិន្ទកសិកម្មចំការដូង

Powered by Koha